00759nam a2200217 i 4500003000900000005001700009007000300026008004100029020001800070040003100088041000800119082001700127100005100144245007300195264006800268300005600336336002800392337003300420338003000453500005800483DO-SdBNP20250410104524.0ta250410b2025 dr ac||| |||| 00| 0 spa d a9789945224023 aDO-SdBNPbspacBNPHU erda aspa 4a0bG216c2221 aGarcía Rosa, Francisco, d1962-eautor4aut.10aConferencia magistral y epístola viral /cFrancisco García Rosa. aSanto Domingo, República Dominicana :bEditora Búho,c2025. a184 páginas :bilustraciones, retratos ;c22 cm.  atextobtxt2rdacontent  asin mediaciónbn2rdamedia avolumen bnc2rdacarrier aIncluye datos biográficos del autor en las solapas